Clark International Airport Destinations (Mabalacat, Philippines) - Statistics

General Stats
  • This quiz has been taken 43 times
    15 since last reset
  • The average score is 11 of 23
Answer Stats
Airline Destination % Correct
Asiana Airlines/Jeju Air/Jin Air Seoul (Incheon)
100%
Cebu Pacific/Jetstar Asia/Scoot Singapore
92%
EVA Air/Starlux Airlines Taipei (Taoyuan)
92%
Cebgo/Cebu Pacific/PAL Express Cebu
85%
Qatar Airlines Doha
85%
Emirates Dubai (International)
85%
Cebu Pacific/HK Express Hong Kong
85%
Cebu Pacific Tokyo (Narita)
85%
Cebu Pacific Bangkok (Suvarnabhumi)
69%
Jin Air Busan
69%
Cebu Pacific Davao
62%
Cebu Pacific Iloilo
38%
Cebu Pacific Puerto Princesa
38%
Nauru Airlines Koror
31%
Cebgo/PAL Express Busuanga
15%
Cebgo/Cebu Pacific/PAL Express Caticlan
15%
Cebgo El Nido
15%
Cebgo Naga
15%
Cebgo San Jose (Mindoro)
15%
Cebgo/PAL Express Siargao
15%
PAL Express Basco
8%
Aero K Cheongju
8%
Cebgo Tagbilaran
8%
No matching quizzes found
Score Distribution
Percent of People with Each Score
Percentile by Number Answered
Your Score History
You have not taken this quiz since the last reset